000 00449nam a2200169Ia 4500
003 GCL
008 140319s9999 xx 000 0 eng d
040 _aGCL /
_cGCL
082 0 4 _a150.1
_bB W
100 1 _aBUDD, MALCOLM
245 1 0 _aWITTGENSTEIN'S PHILOSOPHY OF PSYCHOLOGY /
_cBUDD, MALCOLM
260 _a[S.N] :
_bROUTLEDGE ،
_c1989
300 _a186 P
650 0 4 _aPSYCHOLOGY - THEORIES
650 0 4 _aPHILOSOPHY - THEORY
942 _2ddc
_cBK
999 _c21187
_d21187